Culture générale - Quiz #04 - Statistiques

Statistiques générales
  • Ce quiz a été pris 103 461 fois
  • Le résultat moyen est 9 sur 20
Statistiques - réponses
Question Réponse % Correct
Qui a chanté "Poker Face" en 2008 ? Lady Gaga
89%
Quel pays a obtenu son indépendance en 1776 ? Les États-Unis
77%
Quel milliardaire français a brièvement occupé la position d'homme le plus riche du monde (entre décembre 2022 et juin 2023) ? Bernard Arnault
64%
Quelle ville japonaise, un temps considérée comme cible de la bombe atomique, a été écartée du fait de son importance culturelle ? Kyoto
52%
Qui fut le premier empereur romain ? Auguste
48%
Quel est le premier livre de la Bible ? La Genèse
48%
Qui a combattu Apollo Creed et Ivan Drago ? Rocky Balboa
48%
Quel nom donne-t-on au béryl lorsque ce minéral est vert ? Émeraude
46%
Qui Pâris a-t-il enlevé, déclenchant ainsi la Guerre de Troie ? Hélène
44%
Nommez l'une des deux Miss France à avoir été nommée Miss Univers depuis la création du titre. Christiane Martel | Iris Mittenaere
43%
Épelez correctement le nom de la capitale islandaise Reykjavik
43%
Les italiens l'appellent Zucchini. Comment l'appelle-t-on en France ? Courgette
41%
De quoi se nourrissent les plantes Népenthes, Dionées et Droséras ? D'insectes
40%
Comment écrit-on 2159 en chiffres romains ? MMCLIX
39%
Qui a démissioné de sa fonction de Pape en 2013 Benoît XVI
34%
Quel acteur est notamment connu pour ses rôles dans "La Soupe aux choux", "Le Dîner de cons" et "Un crime au Paradis" ? Jacques Villeret
32%
Dans quel pays peut-on trouver la ville de Haarlem ? Pays-Bas
31%
Qui est le chanteur et leader des Rolling Stones ? Mick Jagger
28%
À quel tennisman Steffi Graf s'est-elle mariée ? Andre Agassi
20%
Quel nom porte l'hymne national belge ? La Brabançonne
12%
Aucun quiz correspondant
Distribution des résultats
% des personnes avec chaque résultat
Percentile par nombre de réponses
Votre historique - résultats
Vous n’avez pas pris ce quiz